Statistiques concernant Les professeurs de Harry Potter

Cliquez ici pour prendre le quiz!

Statistiques générales

  • Ce quiz a été pris 2 951 fois
  • Le résultat moyen est 19 sur 25

Statistiques - réponses

HintAnswer% Correct
DirecteurAlbus Dumbledore
98%
DFCM (6e année)Severus Rogue
98%
MétamorphoseMinerva McGonagall
95%
Garde-chasse | Soins aux Créatures MagiquesRubeus Hagrid
94%
DCFM (3e année)Remus Lupin
92%
BotaniquePomona Chourave
92%
Potions (1e à 5e année)Severus Rogue
90%
DFCM (5e année)Dolores Ombrage
90%
DCFM (2e année)Gilderoy Lockhart
89%
Défense Contre les Forces du Mal (1e)Quirinus Quirell
88%
DFCM (4e année)Alastor Maugrey
87%
Vol / QuidditchRolanda Bibine
86%
ConciergeArgus Rusard
85%
InfirmièrePoppy Pomfresh
84%
EnchantementsFilius Flitwick
84%
Potions (6e année)Horace Slughorn
81%
Divination (3e-4e année)Sibylle Trelawney
77%
Histoire de la MagieCuthbert Binns
67%
Divination (5e année)Firenze
61%
BibliothécaireIrma Pince
55%
SCM (remplacement)Wihelmina Gobe-Planche
49%
AstronomieAurora Sinistra
44%
Etude des MoldusCharity Burbage
35%
ArithmancieSeptima Vector
28%

Distribution des résultats

Percentile par nombre de réponses

% des personnes avec chaque résultat

Votre développement - résultats

Vous n’avez pas pris ce quiz